Country by Phonetic Spelling #4 - Statistics

General Stats
  • This quiz has been taken 473 times
  • The average score is 19 of 20
Answer Stats
Phonetic Spelling English Spelling % Correct
ˌviːətˈnɑːm Vietnam
100%
ˈheɪti Haiti
99%
ˌɑrdʒənˈtiːnə Argentina
98%
ˈkɛnjə Kenya
98%
laɪˈbɪəriə Liberia
97%
tuːˈniːʒə Tunisia
96%
moʊ.zæmˈbiːk Mozambique
95%
ˌsɛnɨˈɡɔːl/ Senegal
95%
ɡəˈbɒn Gabon
94%
iːst ˈtiːmɔr East Timor
93%
mɔːlˈdoʊvə Moldova
93%
nɛðələndz Netherlands
93%
ˈtuːvəluː Tuvalu
92%
bərˌkiːnə ˈfɑːsoʊ Burkina Faso
91%
kroʊˈeɪʃə/ Croatia
91%
ˌɛrɨˈtreɪ.ə Eritrea
91%
ˈtoʊɡoʊ Togo
91%
ænˈdɔrə Andorra
89%
sɪˈɛərə lɪˈoʊnɪ Sierra Leone
89%
ˌkeɪp ˈvɜrd Cape Verde
82%
No matching quizzes found
Score Distribution
Percent of People with Each Score
Percentile by Number Answered
Your Score History
You have not taken this quiz